| 000 | 00778nam a22002771 4500 | ||
|---|---|---|---|
| 001 | 35093 | ||
| 003 | BD-RjUL | ||
| 005 | 20211209052246.0 | ||
| 008 | 140521s1960 enk 001 0 eng d | ||
| 035 | _a(BD-RjUL)35187 | ||
| 035 | _a(OCoLC)165868 | ||
| 040 |
_aDLC _cODaWU _dDLC _dBD-RjUL _beng |
||
| 041 | _aeng | ||
| 082 |
_a519.52 _219 _bYAS 1960 |
||
| 100 | 1 |
_aYates, Frank. _95173 |
|
| 245 | 1 | 0 |
_aSampling methods for censuses and surveys / _c Frank Yates |
| 250 | _a3d ed. rev. and enl. | ||
| 260 |
_aLondon : _bCharles Griffin & Company, _c1960. |
||
| 300 |
_a440 p. : _bill. ; _c23 cm. |
||
| 504 | _aIncludes Index | ||
| 650 | 0 |
_aSampling (Statistics) _9106855 |
|
| 650 | 0 |
_aCensus. _95174 |
|
| 942 |
_2ddc _cBK |
||
| 999 |
_c35093 _d35093 |
||